Personnalités les plus goldos - Statistiques

Statistiques générales
  • Ce quiz a été pris 72 fois
  • Le résultat moyen est 7 sur 20
Statistiques - réponses
Par images Réponse % Correct
Eric Zemmour
100%
Jean Marie Le Pen
90%
Michel Sardou
54%
Père de Tanguy David
52%
Tanguy David
52%
Papacito
50%
Damien Rieu
42%
Philippe de Villiers
38%
Baptiste Marchais
33%
Daniel Guichard
25%
Julien Rochedy
25%
Robert Faurisson
23%
Henry de Lesquen
21%
Tengo
19%
Bruno le salé
17%
Charlotte d'Ornellas
17%
Goldofaf
17%
25G
8%
Bernard Lugan
8%
Code Reinho
8%
Aucun quiz correspondant
Distribution des résultats
% des personnes avec chaque résultat
Percentile par nombre de réponses
Votre historique - résultats
Vous n’avez pas pris ce quiz